3G Wirless Networks / (Record no. 592761)
[ view plain ]
| 000 -LEADER | |
|---|---|
| fixed length control field | 01081nam a22001697a 4500 |
| 003 - CONTROL NUMBER IDENTIFIER | |
| control field | NUST |
| 020 ## - INTERNATIONAL STANDARD BOOK NUMBER | |
| International Standard Book Number | 0070636923 |
| 082 ## - DEWEY DECIMAL CLASSIFICATION NUMBER | |
| Classification number | 621.384,SMI |
| 100 ## - MAIN ENTRY--PERSONAL NAME | |
| Personal name | Smith, Clint |
| 9 (RLIN) | 97284 |
| 245 ## - TITLE STATEMENT | |
| Title | 3G Wirless Networks / |
| Statement of responsibility, etc. | Clint Smith, Daniel Collins |
| 250 ## - EDITION STATEMENT | |
| Edition statement | 2nd Edition |
| 260 ## - PUBLICATION, DISTRIBUTION, ETC. | |
| Place of publication, distribution, etc. | McGraw Hill Education |
| Name of publisher, distributor, etc. | India |
| Date of publication, distribution, etc. | 2007 |
| 300 ## - PHYSICAL DESCRIPTION | |
| Extent | xxiv, 695 p |
| 505 ## - FORMATTED CONTENTS NOTE | |
| Formatted contents note | Introduction (Page-1), First Generation (1G) Analog (Page-25), Second Generation (2G) (Page-41), Third Generation (3G) Overview (Page-119), The Evolution Generation (2.5G) (Page-151), Universal Mobile Telecommunications (Page-197), CDMA2000 (Page-255), TD-SCDMA (Page-303), TD-CDMA (Page-319), Voice over IP (VoIP) Technology (Page-335), Broadband (Page-375), 3G System RF Design Considerations (Page-391), Network Design Considerations (Page-437), Antenna System Selection (Page-477), UMTS System Design (Page-493), CDMA2000 System Design (Page-525), TD CDMA an d TD SCDMA System Desitn (Page-581), Communication Sites (Page-599), 4G and Beyond (Page-639). |
| 650 ## - SUBJECT ADDED ENTRY--TOPICAL TERM | |
| Topical term or geographic name entry element | Wirless Networks |
| 9 (RLIN) | 105504 |
| 942 ## - ADDED ENTRY ELEMENTS (KOHA) | |
| Source of classification or shelving scheme | |
| Koha item type | Book |
| Withdrawn status | Lost status | Source of classification or shelving scheme | Damaged status | Not for loan | Permanent Location | Current Location | Shelving location | Date acquired | Full call number | Barcode | Date last seen | Price effective from | Koha item type | Public note |
|---|---|---|---|---|---|---|---|---|---|---|---|---|---|---|
| Military College of Signals (MCS) | Military College of Signals (MCS) | General Stacks | 12/21/2022 | 621.384,SMI | MCS37442 | 12/21/2022 | 12/21/2022 | Book | Almirah No.38, Shelf No.4 |
